000 00711nam a22002417a 4500
003 UA-OsUOA
001 117268
007 ta
008 20160513b un ||||| |||| 00| 0 ukr d
100 _aКіпибіда З. М.
090 _a821.161.2
_bК46
942 _cBK
040 _aUA-OsUOA
_bukr
_cUA-OsUOA
_dUA-OsUOA
245 _aГалопом не по європах
_bгумор, сатира, пародії, усмішки
300 _a104 с.
955 _a3
041 _aukr
080 _a821.161.2
020 _a978-966-457-231-3
260 _aТернопіль
_bТерно-граф
_c2014
650 7 _a82 Література. Літературознавство
_2UDC
999 _c403279
_d403279